| 000 | 00377nam a2200145Ia 4500 | ||
|---|---|---|---|
| 008 | 150201s2008 xx 000 0 und d | ||
| 082 |
_a612.015 _bB2008V |
||
| 100 | _aVASUDEVAN | ||
| 245 | _aTEXTBOOK OF BIOCHEMISTRY FOR DENTAL STUDENTS | ||
| 250 | _a5TH | ||
| 260 |
_bJAYPEE MEDICAL PUBLISHER _aDELHI _c2008 |
||
| 300 | _a1-302 | ||
| 650 | _aBIOCHEMISTRY | ||
| 942 |
_2ddc _cBK _02 |
||
| 999 |
_c4205 _d4205 |
||